000 00799nam a22002897a 4500
003 CHAP
005 20220329135034.0
008 971013s1958 mx a r 00010 spa d
010 _a29949
011 _a30921
035 _a35033
040 _cCHAP
082 0 4 _a574
_bL55 1958
100 0 0 _aLille, José de.
_966777
245 1 _aBiología general
250 _a6 ed.
260 _aMéxico :
_bECLAL,
_c1958
300 _a447 p.
_b: ilus.
590 _aBATCH-UPD
_b10
_c20130110
_lUCH01
_h1805
590 _aBATCH-UPD
_b10
_c20130410
_lUCH01
_h1141
590 _aBATCH-UPD
_b10
_c20130914
_lUCH01
_h0633
590 _aCONVERSION
_b10
_c20130109
_lUCH01
_h1317
650 1 4 _aBiología.
_912773
901 _aBK
942 _cLIBRO
949 _a574 L55 1958
_bBC
_cLIBRO
_d-81021
_eLIBRO
_h43065
_i35033
_si
999 _c29949
_d29949